Datum a čas kvízu
30
Celkem bodů
Celkový počet nahraných bodů na tomto kvízu bez doplňovacích otázek.
8.
Pořadí na kvízu
Konečné umístění týmu na tomto kvízu.
Zaznamenané odpovědi
| # | Otázka | Odpověď | Body | Výsledky |
|---|---|---|---|---|
| 1. | Která česká zoologická zahrada... | Zoo Plzeň | 0 | |
| 2. | Vskutku kuriózním způsobem vyp... | D | 0 | |
| 3. | Napište jméno skotského herce... | Iain Glen; Hra o trůny | 1 | |
| 4. | V pondělí byl vládou zrušen od... | NERV (Národní ekonomická rada vlády) | 1 | |
| 5. | Ze kterého města pochází tým,... | ze Seattlu | 0 | |
| 6. | Hned v úvodu bod rozdělíme: za... | Ulánbátar; Altaj | 0.5 | |
| 7. | Z následujících možností vyber... | A | 1 | |
| 8. | Jak se jmenuje hudební skupina... | The Hu | 0 | |
| 9. | Které náboženství je v Mongols... | buddhismus (lamaismus) | 1 | |
| 10. | Jak se jmenuje česká spisovate... | Petra Hůlová | 1 |